|
|
|
|
| LEADER |
00000nbm0a2200000 4500 |
| 001 |
127414 |
| 005 |
20231031132227.0 |
| 035 |
|
|
|a (RuTPU)RU\TPU\book\137830
|
| 090 |
|
|
|a 127414
|
| 100 |
|
|
|a 20071214d1974 k y0rusy50 ca
|
| 101 |
0 |
|
|a rus
|
| 102 |
|
|
|a RU
|
| 105 |
|
|
|a a m 001zy
|
| 200 |
1 |
|
|a Исследование влияния поверхностно-активных добавок на эффективность процессов фильтрования и гранулирования тонкодисперсных железорудных концентратов
|e Диссертация на соискание ученой степени кандидата технических наук
|f Н. Н. Юдин
|g Томский политехнический институт ; науч. рук. В. М. Витюгин
|
| 210 |
|
|
|a Томск
|d 1974
|
| 215 |
|
|
|a 145 л.
|c ил.
|
| 320 |
|
|
|a Библиогр.: с. 133-145 (138 назв.)
|
| 610 |
1 |
|
|a диссертации
|
| 610 |
1 |
|
|a поверхностно-активные добавки
|
| 610 |
1 |
|
|a фильтрование
|
| 610 |
1 |
|
|a гранулирование
|
| 610 |
1 |
|
|a тонкодисперсные концентраты
|
| 610 |
1 |
|
|a железорудные концентраты
|
| 610 |
1 |
|
|a эффективность
|
| 610 |
1 |
|
|a исследование
|
| 610 |
1 |
|
|a мокрая агрегация
|
| 610 |
1 |
|
|a закономерности
|
| 610 |
1 |
|
|a полимеры
|
| 610 |
1 |
|
|a лабораторные исследования
|
| 610 |
1 |
|
|a промышленные испытания
|
| 610 |
1 |
|
|a железорудные окатыши
|
| 700 |
|
1 |
|a Юдин
|b Н. Н.
|
| 702 |
|
1 |
|a Витюгин
|b В. М.
|4 727
|
| 712 |
0 |
2 |
|a Томский политехнический институт
|z 1944-1991
|2 stltpush
|3 (RuTPU)RU\TPU\col\1123
|
| 801 |
|
1 |
|a RU
|b 63413507
|c 20071214
|g PSBO
|
| 801 |
|
2 |
|a RU
|b 63413507
|c 20080422
|g PSBO
|
| 942 |
|
|
|c BK
|